| 000 | 00589nam a22001817a 4500 | ||
|---|---|---|---|
| 003 | NUST-PNEC | ||
| 005 | 20170116180716.0 | ||
| 008 | 141020b xxu||||| |||| 00| 0 eng d | ||
| 020 | _a9810137125 | ||
| 040 | _cPNEC | ||
| 082 | _a423.1 KIR | ||
| 100 |
_9701 _aKirkpatrick E M |
||
| 245 |
_aTimes/Chambers dictionary of idioms _cE M Kirkpatrick; C M Schwarz |
||
| 260 |
_aSingapore : _bFederal Publications, _cc.1989. |
||
| 300 |
_a432 p. ; _c18 cm. |
||
| 500 | _ahttps://www.worldcat.org/title/timeschambers-dictionary-of-idioms/oclc/226083587&referer=brief_results | ||
| 942 |
_2ddc _cBK |
||
| 999 |
_c61167 _d61167 |
||